Library of the University of Algiers 3
Ibrahim Sultan Cheibout
شعار جامعة الجزائر 3
مكتبة جامعة الجزائر 3
إبراهيم سلطان شيبوط

العمليات المصرفية والسوق المالية : (رقم التسجيلة. 45258)

تفاصيل مارك
000 -LEADER
fixed length control field 01299nam a2200217Ia 4500
003 - CONTROL NUMBER IDENTIFIER
control field Ost
005 - DATE AND TIME OF LATEST TRANSACTION
control field 20260507075633.0
008 - FIXED-LENGTH DATA ELEMENTS--GENERAL INFORMATION
fixed length control field 260507s9999||||xx |||||||||||||| ||und||
040 ## - CATALOGING SOURCE
Transcribing agency fsecg
041 ## - LANGUAGE CODE
Language code of text/sound track or separate title ara
082 ## - DEWEY DECIMAL CLASSIFICATION NUMBER
Classification number 332.1
100 ## - MAIN ENTRY--PERSONAL NAME
Personal name الناشف، أنطوان
Relator term مؤلف
245 #0 - TITLE STATEMENT
Title العمليات المصرفية والسوق المالية :
Remainder of title دمج المصارف الجزء 3 /
Statement of responsibility, etc. أنطوان الناشف
260 ## - PUBLICATION, DISTRIBUTION, ETC.
Place of publication, distribution, etc. طرابلس:
Name of publisher, distributor, etc. المؤسسة الحديثة للكتاب,
Date of publication, distribution, etc. 2000
300 ## - PHYSICAL DESCRIPTION
Extent 432 صفحة؛
Other physical details إيضاحات ؛
Dimensions 24 سم
520 ## - SUMMARY, ETC.
Summary, etc. الاندماج أفضل الخيارات أمام البنوك ومؤسسات المال الأوروبية قبل طرح اليورو- الإندماج المصرفي في ضوء العملة الاروبية- تسارع عمليات الدمج والشراء في المصارف الاوروبية- اندماج مصارف الفرنسي- الطاقة الفائضة والتكاليف التصاعدة- ظاهرة الإندماج- فورة الإندماجات تمتد الى بنوك ايطاليا- النقود ماضيا وحاضرا ومستقبلا
653 ## - INDEX TERM--UNCONTROLLED
Uncontrolled term السوق المالية
653 ## - INDEX TERM--UNCONTROLLED
Uncontrolled term المصارف
700 ## - ADDED ENTRY--PERSONAL NAME
Personal name الهندي، خليل
Relator term مؤلف ثانوي
942 ## - ADDED ENTRY ELEMENTS (KOHA)
Koha item type كتب
المقتنيات
Withdrawn status Lost status Source of classification or shelving scheme Damaged status Not for loan Home library Current library Date acquired Serial enumeration / chronology Inventory number Total checkouts Full call number Barcode Date last seen Price effective from Koha item type
    Dewey Decimal Classification   NOT LOAN / إعارة داخلية مكتبة كلية العلوم الإقتصادية والعلوم التجارية وعلوم التسيير مكتبة كلية العلوم الإقتصادية والعلوم التجارية وعلوم التسيير 07/05/2026 الطابق الأرضي 510/3/1   أ/510ج3ن1 510/3/1 07/05/2026 07/05/2026 كتب
    Dewey Decimal Classification   Available مكتبة كلية العلوم الإقتصادية والعلوم التجارية وعلوم التسيير مكتبة كلية العلوم الإقتصادية والعلوم التجارية وعلوم التسيير 07/05/2026 الطابق الثاني 510/3/2   أ/510ج3ن2 510/3/2 07/05/2026 07/05/2026 كتب

موارد الويب المفتوحة


© University of Algiers 3 All Rights Reserved
|
Implemented by LECHELAH Riad